San Diego multiple species conservation program covered species priorization for task b of local assistance grant #P0450009 / (Registro nro. 19014)

Detalles MARC
000 -CABECERA
Campo de control 00980nam a2200229 a 4500
005 - FECHA Y HORA DE LA ULTIMA TRANSACCION
Campo de control 20200104041750.0
008 - ELEMENTOS DE LONGITUD FIJA—INFORMACION GENERAL
Campo de control 160913b2006 -usd||||r|||| 00| 0 eng d
040 ## - FUENTE DE CATALOGACIÓN
Agencia catalogadora original CO-BoIAVH
Agencia transcriptora CO-BoIAVH
041 0# - IDIOMA
Código de idioma para texto/pista de sonido o título separado Inglés
044 ## - PAÍS DE PUBLICACIÓN
País de publicación Estados Unidos
090 ## - CLASIFICACIÓN LOCAL
Colección LB-
Consecutivo 5920
110 2# - ASIENTO PRINCIPAL--NOMBRE CORPORATIVO
Nombre corporativo o de jurisdicción como elemento de entrada San Diego State University
Unidad subordinad Department of Biology
9 (RLIN) 76198
245 10 - MENCION DE TITULO
Título San Diego multiple species conservation program covered species priorization for task b of local assistance grant #P0450009 /
Mención de responsabilidad San Diego State University, Department of Biology
260 ## - PUBLICACION, DISTRIBUCION, ETC. (PIE DE IMPRENTA)
Lugar de publicación, distribución, etc. [Estados Unidos?] :
Nombre del editor, distribuidor, etc. San Diego State University, Department of Biology,
Fecha de publicación, distribución, etc. 2006.
300 ## - DESCRIPCION FISICA
Extensión 133 páginas ;
Dimensiones 28 x 22 cm.
504 ## - NOTA DE BIBLIOGRAFIA, ETC.
Nota de bibliografía Incluye referencias bibliográficas.
650 26 - ASIENTO SECUNDARIO DE MATERIA - TERMINO TEMATICO
Término temático o nombre geográfico como elemento de entrada Fauna
Subdivisión general conservación
Subdivisión geográfica San Diego (Estados Unidos)
9 (RLIN) 76199
650 26 - ASIENTO SECUNDARIO DE MATERIA - TERMINO TEMATICO
Término temático o nombre geográfico como elemento de entrada Plantas
Subdivisión general conservación
Subdivisión geográfica San Diego (Estados Unidos)
9 (RLIN) 76200
650 26 - ASIENTO SECUNDARIO DE MATERIA - TERMINO TEMATICO
Término temático o nombre geográfico como elemento de entrada Evaluación de los recursos forestales
9 (RLIN) 76201
650 26 - ASIENTO SECUNDARIO DE MATERIA - TERMINO TEMATICO
Término temático o nombre geográfico como elemento de entrada Evaluación de riesgos
9 (RLIN) 256
942 ## - ELEMENTOS ADICIONALES (KOHA)
Sistema de clasificación Local
Tipo de ítem Informe Técnico
Existencias
Withdrawn status Lost status Sistema de Clasificación Damaged status No para préstamo Colección Ubicación Permanente Ubicación actual Fecha de adquisición Total Checkouts Número topográfico Inventario / Código de Barras Date last seen Ejemplar Price effective from Forma de adquisición Tipo de material
    Dewey Decimal Classification     General Bogotá Bogotá 13/09/2016   LB-5920 040669 13/09/2016 Ej. 1 13/09/2016 Donación Informe Técnico